000 00603nam a22001937a 4500
005 20160624155711.0
010 _aENG-115155
020 _a9789385288661
_c799.00
035 _aEN-98687
037 _bDBAD/PUB
082 _a230
100 _aDoniger, Wendy
245 _aThe hindus :
_cby Wendy Doniger
_ban alternative history /
260 _aNew Delhi
_bSpeaking Tiger
_c2015
270 _a4381/4 Ansari Road, Daryaganj,
_bNew Delhi
_e110002
300 _a779p. :
_c24cm(pbk)
_bill.,maps
500 _aIncludes bibliographical references and index
942 _2ddc
_cEN
_h230
_mDON
999 _c100077
_d100077